Statistics for Most Capped Footballers(Soccer) for Ghana

Click here to take the quiz!

General Stats

  • This quiz has been taken 62 times
    (29 since last reset)
  • The average score is 6 of 23

Answer Stats

#CapsYearsAnswer% Correct
11142007-André Ayew
73%
21092003-2019Asamoah Gyan
73%
5902010-Jordan Ayew
73%
19592002-2014Michael Essien
73%
10742008-Kwadwo Asamoah
54%
11731982-1998Abedi Pele
46%
6842002-2014Sulley Muntari
38%
8832001-2012John Mensah
23%
12702010-Jonathan Mensah
23%
15691995-2010Stephen Appiah
23%
3931996-2012Richard Kingson
19%
6842008-Harrison Afful
15%
4912001-2013John Paintsil
15%
21561985-1997Tony Yeboah
15%
16652012-2019Christian Atsu
12%
22522015-Daniel Amartey
12%
20591993-2006Samuel Kuffour
12%
9792008-Emmanuel Agyemang-Badu
8%
12702009-2020John Boye
4%
22521967-1976Kwasi Owusu
4%
12702012-Mubarak Wakaso
4%
16652007-2013Anthony Annan
0%
18621975-1987Karim Abdul Razak
0%

Score Distribution

Percentile by Number Answered

Percent of People with Each Score

Your Score History

You have not taken this quiz since the last reset